| 000 | 01255nam a2200241Ia 4500 | ||
|---|---|---|---|
| 003 | Ost | ||
| 005 | 20260507075316.0 | ||
| 008 | 260507s9999||||xx |||||||||||||| ||und|| | ||
| 020 | _a9789957118464 | ||
| 040 | _cfsecg | ||
| 041 | _aara | ||
| 082 | _a350.72 | ||
| 100 |
_aخصاونة، جهاد سعيد _eمؤلف |
||
| 245 | 0 |
_aعلم المالية العامة و التشريع الضريبي بين النظرية و التطبيق العلمي / _c جهاد سعيد خصاونة |
|
| 260 |
_aعمان: _bدار وائل للنشر والتوزيع, _c2010 |
||
| 300 |
_a368 صفحة؛ _c24 سم |
||
| 504 | _aببليوغرافيا: ص.361 | ||
| 520 | _aالمدخل الى علم المالية العامة، تعريف وحجم و تقسيم النفقات العامة و الاثار الاقتصادية لها، الايرادات العامة، أملاك الدولة، ايرادات الدولة من الرسوم و من الضرائب، القروض العامة، الموازنة العامة، المبادئ العامة في اعداد الموازنة العامة | ||
| 653 | _aالضرائب | ||
| 653 | _aالضرائب قوانين وتشريعات | ||
| 653 | _aالمالية العامة | ||
| 942 | _cكتاب | ||
| 999 |
_c43894 _d43894 |
||